| 000 | 00883nam a22002057a 4500 | ||
|---|---|---|---|
| 005 | 20251008164346.0 | ||
| 008 | 240126b ||||| |||| 00| 0 eng d | ||
| 082 | _aDPer 621.317 Ie21 January 2022 v. 37 n. 1 | ||
| 100 |
_aKheirollahi, Reza. _eauthor. _950851 |
||
| 245 |
_aFault current bypass-based LVDC solid-state circuit breakers / _cReza Kheirollahi, Shuyan Zhao, and Fei Lu. |
||
| 260 |
_aNew York ; _bThe Institute of Electrical and Electronics Engineers, Inc. , _cJanuary 2022. |
||
| 300 |
_aVolume 37, pages 7-13 : _billustration ; _c28 cm. |
||
| 500 | _aIEEE Transactions on Power Electronic, v. 37 n. 1, pages 7-13, January 2022. | ||
| 650 |
_aElectric circuits. _957007 |
||
| 650 |
_aElectric currents. _957008 |
||
| 700 |
_aKheirollahi, Reza. _eauthor. _950851 |
||
| 700 |
_aZhao, Shuyan. _eauthor. _950852 |
||
| 700 |
_aLu, Fei. _eauthor. _950853 |
||
| 942 |
_2ddc _cPER |
||
| 999 |
_c18781 _d18781 |
||